000 00832nam a22002657a 4500
001 BR7806791
003 BR-BrBNA
005 20230928085754.0
007 ta
008 230509b bl.||||| |||| 00| 0 por d
040 _aBR-BrBNA
_bpor
_cBiblioteca Nacional de Agricultura
041 _a(Por)
072 _aE30
_b/G514
090 _ E30 BR7806791
110 1 _aCompanhia Agropecuaria de Fomento Economico do Parana, Curitiba (Brasil)
_92271
245 1 _aSistema de controle para o plano de acao 1978 [Parana, Brasil]
260 3 _aCuritiba, PR (Brasil):
_c1978.
300 _a52 p.
500 _a(*) Documento disponível no(a) Biblioteca Estadual da Agricultura, Curitiba, PR (Brazil)
650 _aPOLITICA AGRICOLA
650 _aDIRETRIZ
650 _aPARANA
909 _a202309
_bLucia
_c55
_dLucia Elande
942 _cBK
999 _c26248
_d26248